The Americas Geography By Letter D - Picture Quiz - Statistics

General Stats
  • This quiz has been taken 772 times
  • The average score is 10 of 18
Answer Stats
Picture Hint Answer % Correct
{Death} Valley
90%
Delaware
89%
(language) Dutch
85%
(mountain) Denali
83%
(city) Denver
79%
Dominica
79%
(city) Dallas
66%
{Detroit} River
63%
(nickname) Dixie
63%
{Darien} Gap
54%
(temperate grassland) {Dry} Pampas
52%
District of Columbia
51%
{Drake} Passage
49%
(state) Durango
35%
(animal) {Darwin}'s Rhea
23%
(peninsula) Delmarva
14%
{Davis} Strait
13%
{Desaguadero} River
1%
No matching quizzes found
Score Distribution
Percent of People with Each Score
Percentile by Number Answered
Your Score History
You have not taken this quiz